00932pam a2200217 a 4500020002700000082001800027100002800045245016000073260004700233300003400280500010300314526003700417650001300454650003600467650001400503650002500517700002800542942001200570999001900582952011300601 a0313240671 (lib. bdg.)00a355.4bFULcD1 aFuller, J. F. C.93712110aArmored warfare :ban annotated edition of Lectures on F.S.R. III (operations between mechanized forces) /cby J.F.C. Fuller ; foreword by S.L.A. Marshall. aWestport, Conn. :bGreenwood Press,c1983. axix, 189 p. :bill. ;c22 cm. aReprint. Originally published: 1st American ed. Harrisbury, Pa. : Military Service Pub. Co., 1943. a0b0c0d355_400000000000000_FUL 0aMCE9379 0aMechanization, Military.949599 0aStrategy. 0aTank warfare.9495251 aFuller, J. F. C.937121 2ddccBK c552386d552386 00102ddc4070aMCEbMCEcArchive Sectiond2015-01-14l0o355.4 FULpMCE-ECL/74r2015-01-14w2015-01-14yBK